Rostros y fronteras de la identidad

Guardat en:
Dades bibliogràfiques
Autors principals: Samaniego, Mario (Autor), Garbarini, Carmen Gloria (Autor)
Format: Llibre
Idioma:espanyol
Publicat: Temuco Universidad Católica de Temuco 2004
Matèries:
Etiquetes: Afegir etiqueta
Sense etiquetes, Sigues el primer a etiquetar aquest registre!

MARC

LEADER 00000nam a2200000 a 4500
001 UCK4821
003 CL-VaPUC
008 050624e20040000CL |||||||||||||||||spa|d
020 |a 9561603853 
082 0 4 |a 306.4  |b SAM  |2 21 
100 0 |a Samaniego, Mario  |e author  |9 493449 
700 0 |a Garbarini, Carmen Gloria  |e author  |9 493450 
245 1 0 |a Rostros y fronteras de la identidad 
300 |a 280 p 
942 |c BK 
945 |d 20050624 00:00:00  |a cmena 
260 |a Temuco  |b Universidad Católica de Temuco  |c 2004 
650 0 |a Identidad cultural  |9 319131 
650 0 |a Antropología cultural y social   |9 265143 
650 0 |a Pueblos indígenas   |9 357564 
650 0 |a Mapuche   |9 344248 
650 0 |a Interculturalidad   |9 493451 
650 0 |a Sociolingüística  |9 263716 
650 0 |a Integración social  |9 319662 
651 7 |a CHILE  |2 CL-VaPUC  |9 493452 
583 |a last modification  |c 20050624 00:00:00  |k Rodrigo Vera 
999 |c 313564  |d 313562 
952 |0 0  |1 0  |4 0  |6 306_400000000000000_SAM_2004  |7 0  |8 A  |9 384977  |a BIBEDU  |b BIBEDU  |d 2019-11-22  |i 4113209  |o 306.4 SAM 2004  |p 4113209  |r 2019-11-22  |w 2019-11-22  |y BK  |k EDU 
952 |0 0  |1 0  |4 0  |6 306_400000000000000_SAM_2004  |7 0  |8 A  |9 384978  |a FDOPOS  |b FDOPOS  |d 2019-11-22  |i 414693K  |o 306.4 SAM 2004  |p 414693K  |r 2025-01-22  |w 2019-11-22  |y BK  |k MLA 
952 |0 0  |1 0  |4 0  |6 306_400000000000000_SAM_2004  |7 0  |8 A  |9 384979  |a FDOPOS  |b FDOPOS  |d 2019-11-22  |i 4146948  |o 306.4 SAM 2004  |p 4146948  |r 2025-01-22  |w 2019-11-22  |y BK  |k MLA 
952 |0 0  |1 0  |4 0  |6 306_400000000000000_SAM_2004  |7 0  |8 X  |9 384980  |a FDOMLP  |b FDOMLP  |d 2019-11-22  |i 4752821  |o 306.4 SAM 2004  |p 4752821  |r 2019-11-22  |w 2019-11-22  |y BK_X  |k BU2